Loading...
| Current Events | 3 | 6.67 | 67% | 0% | 0% |
| Fine Arts - Auditory | 5 | 14.00 | 80% | 60% | 0% |
| Fine Arts - Other | 9 | 12.22 | 89% | 33% | 0% |
| Fine Arts - Visual | 3 | 13.33 | 100% | 33% | 0% |
| Geography | 5 | 22.00 | 100% | 80% | 40% |
| History - American | 4 | 15.00 | 75% | 75% | 0% |
| History - Ancient/Other | 3 | 13.33 | 100% | 33% | 0% |
| History - European | 5 | 12.00 | 80% | 20% | 20% |
| History - World | 7 | 14.29 | 100% | 29% | 14% |
| Literature - American | 3 | 16.67 | 100% | 67% | 0% |
| Literature - British | 5 | 10.00 | 80% | 20% | 0% |
| Literature - European | 3 | 23.33 | 100% | 67% | 67% |
| Literature - World | 7 | 8.57 | 71% | 14% | 0% |
| Mythology | 3 | 13.33 | 67% | 67% | 0% |
| Other Academic | 2 | 15.00 | 100% | 0% | 50% |
| Philosophy | 5 | 14.00 | 100% | 40% | 0% |
| Religion | 6 | 11.67 | 83% | 33% | 0% |
| Science - Biology | 4 | 15.00 | 100% | 50% | 0% |
| Science - Chemistry | 7 | 11.43 | 86% | 14% | 14% |
| Science - Other | 5 | 14.00 | 80% | 60% | 0% |
| Science - Physics | 4 | 10.00 | 75% | 25% | 0% |
| Social Science | 7 | 11.43 | 86% | 29% | 0% |